| 000 | 00889nam a2200229 u 4500 | ||
|---|---|---|---|
| 005 | 20220909063555.0 | ||
| 008 | 160804s2015 mx r 000 0 spa d | ||
| 020 | _a9786078320219 | ||
| 035 | _aUPN01000212091 | ||
| 049 | _aCG | ||
| 050 | 4 |
_aHC95 _bA4.3 |
|
| 245 | 0 | 0 |
_aAmérica del Norte: _bretos y oportunidades en el siglo XXI / _ccoord. Marcela Guerra Castillo. |
| 260 |
_aMéxico : _bSenado de la República, LXII Legislatura, _c2015. |
||
| 300 |
_a306 p. : _btablas, cuadros |
||
| 651 | 4 |
_aAMERICA DEL NORTE - _xINTEGRACION ECONOMICA _99766 |
|
| 651 | 4 |
_aAMERICA DEL NORTE - _xCONDICIONES ECONOMICAS _918564 |
|
| 651 | 4 |
_aMEXICO - _xRELACIONES ECONOMICAS EXTRANJERAS - _zAMERICA DEL NORTE _918565 |
|
| 630 | 0 | 4 |
_aTratado de libre comercio entre México, Estados Unidos y Canadá _d(1994) _92531 |
| 700 | 1 |
_aGuerra Castillo, Marcela, _ecoord. |
|
| 905 | _aLibro | ||
| 999 |
_c184191 _d184191 |
||